000 00287nam a2200121 a 4500
005 20140414132100.0
008 100921s19uu xx 00 eng d
050 _aFIC
_bH53 2002
100 _aHiaasen, Carl
245 _aHoot.
260 _aLondon :
_bMacmillan,
_c2002.
999 _c114435
_d114435